Score 0/19 Timer 04:00
0 Plays Today
Driver % Correct
Lewis Hamilton
95.2%
Damon Hill
91.7%
Graham Hill
90.7%
Nigel Mansell
87.6%
Jenson Button
87.6%
David Coulthard
83.8%
Jackie Stewart
81.7%
Stirling Moss
76.5%
Jim Clark
76%
James Hunt
70.8%
Driver % Correct
John Surtees
70.5%
Mike Hawthorn
66.7%
Johnny Herbert
65.1%
Eddie Irvine
59.6%
John Watson
54.4%
Tony Brooks
44.7%
Peter Collins
42.8%
Innes Ireland
33.5%
Peter Gethin
27.1%
Remove Ads.
Support Sporcle.
Get the best of Sporcle when you Go Orange. This ad-free experience offers more features, more stats, and more fun while also helping to support Sporcle. Thank you for becoming a member.

You're not logged in!

Compare scores with friends on all Sporcle quizzes.
OR
Log In

Show Comments

Extras

Top Quizzes Today


Score Distribution

Your Account Isn't Verified!

In order to create a playlist on Sporcle, you need to verify the email address you used during registration. Go to your Sporcle Settings to finish the process.

Report this User

Report this user for behavior that violates our Community Guidelines.

Details: